Metodología y didáctica de la lengua y literatura españolas... (Record no. 104070)

MARC details
000 -LEADER
campo de control de longitud fija 00645nam a2200181 i 4500
001 - NÚMERO DE CONTROL
campo de control 104070
003 - IDENTIFICADOR DE NÚMERO DE CONTROL
campo de control ES-MaACL
007 - CAMPO FIJO DE DESCRIPCIÓN FÍSICA--INFORMACIÓN GENERAL
campo de control de longitud fija t|
008 - DATOS DE LONGITUD FIJA--INFORMACIÓN GENERAL
campo de control de longitud fija 051122q1974 sp ||||1| spa d
245 00 - MENCIÓN DEL TÍTULO
Título Metodología y didáctica de la lengua y literatura españolas...
260 ## - PUBLICACIÓN, DISTRIBUCIÓN, ETC.
Lugar de publicación, distribución, etc. Cheste (Valencia) :
Nombre del editor, distribuidor, etc. Centro de Orientación de Universidades Laborales,
Fecha de publicación, distribución, etc. [1974?]
300 ## - DESCRIPCIÓN FÍSICA
Extensión III, 182 f. ;
Dimensiones 31 cm.
490 1# - MENCIÓN DE SERIE
Mención de serie Documenta. Curso 1973-74 ;
Designación de volumen o secuencia XI
710 2# - ENTRADA AGREGADA--NOMBRE DE ENTIDAD CORPORATIVA
Nombre de entidad corporativa o nombre de jurisdicción como elemento de entrada Centro de Orientación de Universidades Laborales (Valencia)
9 (RLIN) 2715
830 0# - PUNTO DE ACCESO ADICIONAL DE SERIE-TÍTULO UNIFORME
Título uniforme Documenta. Curso 1973-74 ;
Designación de volumen o secuencia XI
9 (RLIN) 232623
852 ## - LOCALIZACIÓN
Ubicación ES-MaACL
Número de control de estantería E-5738
Sublocalización o colección R.89779
Holdings
Estatus retirado Estado de pérdida Estado de daño No para préstamo Biblioteca de origen Biblioteca actual Ubicación en estantería Fecha de adquisición Fuente de adquisición Total de préstamos Signatura topográfica completa Código de barras Visto por última vez Precio de reemplazo Tipo de ítem Koha
        Biblioteca del Ateneo de Madrid Biblioteca del Ateneo de Madrid Depósito 2 17/01/2008     E-5738 1108658 23/02/2023 23/02/2023 Libro impreso